Normal view MARC view
  • S. K. Behera, Y. K. Mohanty

Entry Personal Name

Number of records used in: 1

001 - CONTROL NUMBER

  • control field: 127212

003 - CONTROL NUMBER IDENTIFIER

  • control field: NUST

005 - DATE AND TIME OF LATEST TRANSACTION

  • control field: 20241220114532.0

008 - FIXED-LENGTH DATA ELEMENTS

  • fixed length control field: 241220|| aca||aabn | a|a d

040 ## - CATALOGING SOURCE

  • Original cataloging agency: NUST
  • Transcribing agency: NUST

100 ## - HEADING--PERSONAL NAME

  • Personal name: S. K. Behera, Y. K. Mohanty

670 ## - SOURCE DATA FOUND

  • Source citation: Work cat.: (NUST)564736: S. K. Behera, Y. K. Mohanty, Theory & Problems in Chemical Reaction Engineering /, 2005
© 2023 Central Library, National University of Sciences and Technology. All Rights Reserved.